|
|
|
|
| LEADER |
01232nam a2200313 a 4500 |
| 001 |
853072 |
| 008 |
090726s1999 enk 000 1 eng d |
| 010 |
|
|
|a 78309165
|
| 020 |
|
|
|a 0140433864
|
| 040 |
|
|
|a DLC
|c DLC
|d DLC
|
| 082 |
0 |
0 |
|a 823/.5
|2 21
|
| 100 |
1 |
|
|a Fielding, Henry,
|d 1707-1754.
|
| 240 |
1 |
0 |
|a History of the adventures of Joseph Andrews
|
| 245 |
1 |
0 |
|a Joseph Andrews and Shamela /
|c Henry Fielding ; edited by Judith Hawley.
|
| 260 |
|
|
|a Harmondsworth, Eng. ;
|a New York [etc.] :
|b Penguin Books,
|c 1999.
|
| 300 |
|
|
|a 389 p. ;
|c 19 cm.
|
| 490 |
0 |
|
|a Penguin Classics.
|
| 500 |
|
|
|a First published in 1742 under title: The history of the adventures of Joseph Andrews and of his friend Mr. Abraham Adams.
|
| 500 |
|
|
|a Bibliography: p. 20-21.
|
| 541 |
1 |
|
|e 00011888
|
| 650 |
|
0 |
|a Male friendship
|x Fiction.
|
| 650 |
|
0 |
|a Social classes
|x Fiction.
|
| 650 |
|
0 |
|a Domestics
|x Fiction.
|
| 650 |
|
0 |
|a Clergy
|x Fiction.
|
| 651 |
|
0 |
|a England
|x Fiction.
|
| 700 |
1 |
|
|a Hawley,Judith.
|
| 852 |
4 |
|
|a Ayesha Abed Library
|j General Shelf.
|
| 999 |
|
|
|c 2952
|d 2952
|
| 952 |
|
|
|0 0
|1 0
|2 ddc
|4 0
|6 823_500000000000000_FIE
|7 0
|9 2668
|a BRACUL
|b BRACUL
|c GEN
|d 2009-08-18
|g 285.00
|l 2
|o 823.5 FIE
|p 3010011888
|r 2023-07-04
|s 2023-06-21
|t 1
|w 2009-08-18
|y BK
|x €2.99
|